00298nam a2200133Ia 4500008004100000020001500041041001200056082001600068100002100084245001900105260002500124300000800149650000700157221030s9999 xx 000 0 und d a0074622439 aEnglish a105.23bIye aT. S. K. V. Iyer 0aCircuit Theory bTMHaNew Delhic1993 a520 aEE